|
|
|
|
| LEADER |
00000nam0a2200000 4500 |
| 001 |
89958 |
| 005 |
20231031103257.0 |
| 035 |
|
|
|a (RuTPU)RU\TPU\book\96493
|
| 090 |
|
|
|a 89958
|
| 100 |
|
|
|a 20060201d1984 m y0rusy50 ca
|
| 101 |
0 |
|
|a rus
|
| 102 |
|
|
|a RU
|
| 105 |
|
|
|a y j 001zy
|
| 200 |
1 |
|
|a Печатание и заключительная отделка волокнистых материалов
|e учебные пособия
|f А. А. Хархаров
|
| 210 |
|
|
|a Ленинград
|c Изд-во Ленинградского ун-та
|d 1984
|
| 215 |
|
|
|a 129 с.
|
| 320 |
|
|
|a Библиогр.: с. 127
|
| 610 |
1 |
|
|a текстильные материалы
|
| 610 |
1 |
|
|a печатание
|
| 610 |
1 |
|
|a отделка
|
| 610 |
1 |
|
|a волокнистые материалы
|
| 610 |
1 |
|
|a ткани
|
| 675 |
|
|
|a 677(075.8)
|v 3
|
| 700 |
|
1 |
|a Хархаров
|b А. А.
|g Александр Александрович
|
| 801 |
|
1 |
|a RU
|b 63413507
|c 20060201
|g PSBO
|
| 801 |
|
2 |
|a RU
|b 63413507
|c 20060203
|g PSBO
|
| 942 |
|
|
|c BK
|